[Event "Langley op"]
[Site "Langley CAN"]
[Date "2023.09.04"]
[Round "6.5"]
[White "Jiang, Kate"]
[Black "Qu, Leo"]
[Result "0-1"]
[WhiteElo "2211"]
[BlackElo "2213"]
[PlyCount "116"]
[EventDate "2023.09.02"]
[EventType "swiss"]
[EventRounds "6"]
[EventCountry "CAN"]

1. e4 c6 2. d4 d5 3. Nc3 dxe4 4. Nxe4 Nf6 5. Nxf6+ exf6 6. c3 Bd6 7. Bd3 O-O 8.
Qc2 Re8+ 9. Ne2 h5 10. O-O h4 11. h3 Nd7 12. Be3 Nf8 13. c4 Bb8 14. Qd2 Qc7 15.
f4 f5 16. Rf3 a6 17. Qc2 g6 18. Nc3 Rxe3 19. Rxe3 Qxf4 20. Qf2 Qxd4 21. Rf3 Qe5
22. Na4 Ne6 23. c5 Qh2+ 24. Kf1 Be5 25. Qg1 Qxg1+ 26. Kxg1 Nxc5 27. Nxc5 Bd4+
28. Kf1 Bxc5 29. Bc4 Be6 30. Bxe6 fxe6 31. Rd1 Re8 32. Rfd3 Kf7 33. Rd7+ Re7
34. Ke2 e5 35. b3 Bd4 36. Rxe7+ Kxe7 37. Rc1 Kd6 38. Kf3 g5 39. b4 b6 40. Rb1
Kd5 41. Rb3 Kc4 42. Ke2 e4 43. Kd2 f4 44. Ke2 Bc3 45. Ra3 a5 46. bxa5 bxa5 47.
Rb3 Bb4 48. Rb1 c5 49. Rc1+ Kd4 50. Rd1+ Kc3 51. Rd5 Kb2 52. Rxg5 c4 53. a3
Kxa3 54. Kd1 Kb2 55. Rg8 c3 56. Rc8 e3 57. Rc4 e2+ 58. Kxe2 c2 0-1

[Event "Langley op"]
[Site "Langley CAN"]
[Date "2023.09.04"]
[Round "6.6"]
[White "Xu, Joey"]
[Black "Mok, Gillian"]
[Result "1-0"]
[WhiteElo "1683"]
[BlackElo "1908"]
[PlyCount "61"]
[EventDate "2023.09.02"]
[EventType "swiss"]
[EventRounds "6"]
[EventCountry "CAN"]

1. e4 e5 2. Nf3 Nc6 3. d4 exd4 4. Bc4 Bc5 5. c3 Nf6 6. e5 d5 7. Bb5 Ne4 8. cxd4
Bb6 9. Qc2 Bd7 10. Bxc6 Bxc6 11. Nc3 Qe7 12. O-O h6 13. Be3 Ng5 14. Nd2 Ne6 15.
Nb3 O-O-O 16. a4 a6 17. f4 g5 18. f5 Nf4 19. Nc1 Qb4 20. Qd2 Rhe8 21. Kh1 Bd7
22. Bxf4 gxf4 23. Rxf4 c5 24. Nd3 Qa5 25. dxc5 Bc7 26. b4 Bxe5 27. bxa5 Bxf4
28. Qxf4 d4 29. Nd5 Re5 30. Qxe5 Bc6 31. Nb6# 1-0

[Event "Langley op"]
[Site "Langley CAN"]
[Date "2023.09.04"]
[Round "6.7"]
[White "Roback, Joe"]
[Black "Salcedo, Daniel E"]
[Result "1/2-1/2"]
[WhiteElo "2065"]
[BlackElo "1926"]
[PlyCount "62"]
[EventDate "2023.09.02"]
[EventType "swiss"]
[EventRounds "6"]
[EventCountry "CAN"]

1. e4 d6 2. d4 Nf6 3. Nc3 g6 4. f4 Bg7 5. Nf3 c5 6. Bb5+ Bd7 7. e5 Ng4 8. e6
Bxb5 9. exf7+ Kf8 10. Nxb5 Qa5+ 11. Nc3 cxd4 12. Nxd4 Bxd4 13. Qxd4 Nf6 14. O-O
Nc6 15. Qf2 Kxf7 16. Bd2 Rhf8 17. Rae1 Qf5 18. Bc1 Rac8 19. Re2 d5 20. Rfe1
Rfe8 21. h3 h5 22. Be3 b6 23. Bd4 Nxd4 24. Qxd4 Rc4 {Black offered a draw.} 25.
Qe5 Qxf4 26. Qe6+ Kg7 27. Rf2 Qd4 28. Rd1 Qc5 29. Kf1 Rd4 {
Black offered a draw.} 30. Re1 Qc4+ 31. Kg1 Rf4 1/2-1/2

[Event "Langley op"]
[Site "Langley CAN"]
[Date "2023.09.04"]
[Round "6.8"]
[White "Leong, Ryan"]
[Black "Lu, Aiden Hao-Ting"]
[Result "1-0"]
[WhiteElo "1939"]
[BlackElo "1721"]
[PlyCount "85"]
[EventDate "2023.09.02"]
[EventType "swiss"]
[EventRounds "6"]
[EventCountry "CAN"]

1. d4 d5 2. Nc3 Nf6 3. Bf4 e6 4. e3 c6 5. a3 Bd6 6. Bxd6 Qxd6 7. Bd3 Nbd7 8. f4
a6 9. Nf3 c5 10. Ne5 Qc7 11. O-O c4 12. Be2 Nf8 13. g4 Ng6 14. g5 Nd7 15. Nf3
h6 16. h4 Ne7 17. Qe1 f5 18. Qg3 h5 19. Ne5 Nxe5 20. fxe5 g6 21. Rfb1 b5 22. b4
Bd7 23. a4 O-O 24. Qe1 Bc6 25. Bf3 Qb6 26. axb5 axb5 27. Ne2 Rxa1 28. Rxa1 Ra8
29. Ra5 Ra6 30. Qa1 Bb7 31. Nf4 Kf7 32. Bxh5 gxh5 33. Qd1 Rxa5 34. Qxh5+ Kf8
35. bxa5 Qc6 36. Qh8+ Kf7 37. h5 Qc8 38. g6+ Nxg6 39. hxg6+ Ke7 40. Qf6+ Ke8
41. g7 Kd7 42. Qxe6+ Kc7 43. Qd6# 1-0

[Event "Langley op"]
[Site "Langley CAN"]
[Date "2023.09.04"]
[Round "6.9"]
[White "Wang, Daniel Ruohan"]
[Black "Chen, Zhengyu"]
[Result "1-0"]
[WhiteElo "1764"]
[BlackElo "1620"]
[PlyCount "49"]
[EventDate "2023.09.02"]
[EventType "swiss"]
[EventRounds "6"]
[EventCountry "CAN"]

1. e4 c6 2. d4 d5 3. Nc3 dxe4 4. Nxe4 Bf5 5. Ng3 Bg6 6. h4 h6 7. h5 Bh7 8. Nf3
e6 9. Bd3 Bxd3 10. Qxd3 Nf6 11. Bd2 Bd6 12. O-O-O Qc7 13. Ne4 Nxe4 14. Qxe4 O-O
15. g4 Nd7 16. g5 hxg5 17. Nxg5 Nf6 18. Qf3 Nh7 19. Nxh7 Kxh7 20. h6 g6 21. Qf6
Rg8 22. Bg5 Raf8 23. Rd3 Re8 24. Rf3 Re7 25. Qg7+ 1-0

[Event "Langley op"]
[Site "Langley CAN"]
[Date "2023.09.04"]
[Round "6.10"]
[White "Landingin, Jofrel"]
[Black "Gao, Justin"]
[Result "0-1"]
[WhiteElo "1613"]
[BlackElo "1826"]
[PlyCount "68"]
[EventDate "2023.09.02"]
[EventType "swiss"]
[EventRounds "6"]
[EventCountry "CAN"]

1. e4 c5 2. Nf3 e6 3. d4 cxd4 4. Nxd4 a6 5. Be2 Nf6 6. Nd2 Qc7 7. O-O d6 8. h3
b6 9. Bd3 Bb7 10. Re1 Nbd7 11. c3 Be7 12. Nf1 O-O 13. Ng3 Rfd8 14. Bg5 h6 15.
Bd2 Ne5 16. Qe2 Nxd3 17. Qxd3 Nd7 18. Rad1 Ne5 19. Qc2 Nc4 20. Bc1 d5 21. b3
Ne5 22. f4 Nc6 23. Nxc6 Qxc6 24. exd5 Rxd5 25. Rxd5 Qxd5 26. c4 Qc6 27. Kh2 Rd8
28. Re2 Bh4 29. Rd2 Rxd2 30. Qxd2 g5 31. Nh5 gxf4 32. Nxf4 e5 33. Nd5 Qg6 34.
Qxh6 Qg3+ 0-1

[Event "Langley op"]
[Site "Langley CAN"]
[Date "2023.09.04"]
[Round "6.11"]
[White "Zou, Alex"]
[Black "Koo, Minjun"]
[Result "1/2-1/2"]
[WhiteElo "1821"]
[BlackElo "1810"]
[PlyCount "34"]
[EventDate "2023.09.02"]
[EventType "swiss"]
[EventRounds "6"]
[EventCountry "CAN"]

1. c4 c5 2. Nf3 g6 3. g3 Bg7 4. Bg2 Nc6 5. Nc3 e6 6. O-O Nge7 7. e4 O-O 8. d3
Nd4 9. Bf4 d6 10. Qd2 Re8 11. Bh6 Bh8 12. Ne2 Nec6 13. Nexd4 Nxd4 14. Nxd4 Bxd4
15. Be3 Qf6 16. Rab1 Qg7 17. Bh6 Qf6 1/2-1/2

[Event "Langley op"]
[Site "Langley CAN"]
[Date "2023.09.04"]
[Round "6.12"]
[White "Kerry, James"]
[Black "Jiang, Zihao William"]
[Result "1-0"]
[WhiteElo "1817"]
[BlackElo "1735"]
[PlyCount "135"]
[EventDate "2023.09.02"]
[EventType "swiss"]
[EventRounds "6"]
[EventCountry "CAN"]

1. e4 c5 2. Nc3 Nc6 3. f4 e6 4. Nf3 d5 5. exd5 exd5 6. d4 Nf6 7. Bb5 a6 8. Be2
Bg4 9. Ne5 Bxe2 10. Nxe2 cxd4 11. Nxd4 Nxe5 12. fxe5 Ne4 13. O-O Bc5 14. c3 O-O
15. Kh1 Qh4 16. Qf3 Rfe8 17. Qxf7+ Kh8 18. Qxg7+ Kxg7 19. Nf5+ Kg8 20. Nxh4
Rxe5 21. g3 Nf2+ 22. Kg2 Re2 23. Kf3 Rae8 24. b4 Bb6 25. Bf4 Nd3 26. Rad1 Nxf4
27. Kxf4 Rf8+ 28. Nf5 Bc7+ 29. Kg4 Rxh2 30. Ne7+ Kg7 31. Rxf8 Kxf8 32. Nxd5 Be5
33. a4 h5+ 34. Kf3 Rh3 35. Nf4 Bxf4 36. Kxf4 h4 37. Rd3 hxg3 {
Black offered a draw.} 38. Rxg3 Rh4+ 39. Ke5 Rc4 40. a5 Kf7 41. Kd5 Rc6 42. Re3
Rh6 43. c4 Rh5+ 44. Kd6 Rh4 45. Kc5 Rh6 46. b5 axb5 47. cxb5 Rg6 48. Rh3 Rg7
49. Kb6 Ke6 50. a6 bxa6 51. bxa6 Rg8 52. a7 Kd5 53. Rh7 Rg6+ 54. Kb7 Rg8 55.
a8=Q Rxa8 56. Kxa8 Kc6 57. Rh5 Kd6 58. Kb7 Ke6 59. Kc6 Kf6 60. Kd6 Kg6 61. Re5
Kf6 62. Rd5 Kg6 63. Ke7 Kg7 64. Rg5+ Kh6 65. Kf6 Kh7 66. Kf7 Kh6 67. Ra5 Kh7
68. Rh5# 1-0

[Event "Laval op"]
[Site "Laval CAN"]
[Date "2023.06.23"]
[Round "1.3"]
[White "Turcotte, Jonathan"]
[Black "Ouellet, Maili-Jade"]
[Result "0-1"]
[WhiteElo "1998"]
[BlackElo "2343"]
[PlyCount "72"]
[EventDate "2023.06.23"]
[EventType "swiss"]
[EventRounds "5"]
[EventCountry "CAN"]

1. d4 Nf6 2. c4 e6 3. Nf3 d5 4. Nc3 Bb4 5. Bg5 h6 6. Bxf6 Qxf6 7. Qa4+ Nc6 8.
e3 O-O 9. Rc1 Rd8 10. cxd5 exd5 11. Be2 a5 12. O-O Ne7 13. a3 Bd6 14. Nb5 Bd7
15. Qb3 Bxb5 16. Qxb5 g5 17. Ne5 Bxe5 18. dxe5 Qxe5 19. Qxb7 c6 20. Rc2 Rdb8
21. Qd7 Rb3 22. Bh5 Rab8 23. g3 R3b7 24. Qg4 Rxb2 25. Rxb2 Rxb2 26. Qd7 Kg7 27.
Rc1 Qf6 28. Rf1 Ra2 29. Qe8 Rxa3 30. f4 Ra1 31. Bd1 Qe6 32. fxg5 hxg5 33. Qb8
Qxe3+ 34. Kg2 Ra2+ 35. Kh3 Qe6+ 36. g4 Qh6+ 0-1

[Event "Laval op"]
[Site "Laval CAN"]
[Date "2023.06.23"]
[Round "1.4"]
[White "Dukic, Zachary"]
[Black "Di Matteo, Alessio"]
[Result "1/2-1/2"]
[WhiteElo "2340"]
[BlackElo "1986"]
[PlyCount "70"]
[EventDate "2023.06.23"]
[EventType "swiss"]
[EventRounds "5"]
[EventCountry "CAN"]

1. e4 c5 2. Nf3 e6 3. d4 cxd4 4. Nxd4 a6 5. Nc3 b5 6. Bd3 Bb7 7. O-O Nc6 8.
Nxc6 Bxc6 9. Re1 Nf6 10. Bd2 Qc7 11. a4 b4 12. Na2 a5 13. c3 Qb7 14. f3 Bc5+
15. Kh1 d6 16. cxb4 axb4 17. b3 h5 18. Rc1 Bd7 19. Rc4 e5 20. Bxb4 Be6 21. Bxc5
Bxc4 22. Bxc4 dxc5 23. Qd6 Rd8 24. Bb5+ Nd7 25. Rd1 Rh6 26. Qxc5 Re6 27. Nc3
Qb6 28. Qc4 Rd6 29. Nd5 Kf8 30. Rc1 Qf2 31. Qb4 Nb6 32. a5 Nxd5 33. exd5 Kg8
34. Bc6 Rg6 35. Rg1 Rxg2 1/2-1/2

[Event "Laval op"]
[Site "Laval CAN"]
[Date "2023.06.23"]
[Round "1.5"]
[White "Nunez, Omar"]
[Black "Nunez-Painchaud, Raphael"]
[Result "1-0"]
[WhiteElo "1965"]
[BlackElo "2290"]
[PlyCount "67"]
[EventDate "2023.06.23"]
[EventType "swiss"]
[EventRounds "5"]
[EventCountry "CAN"]

1. d4 Nf6 2. c4 e6 3. Nf3 Bb4+ 4. Bd2 c5 5. Bxb4 cxb4 6. a3 bxa3 7. Rxa3 Qe7 8.
Nc3 d6 9. e3 O-O 10. Be2 b6 11. O-O Bb7 12. d5 e5 13. Qd2 Nbd7 14. e4 Nc5 15.
Qc2 Rfb8 16. b4 Ncd7 17. Rfa1 a6 18. Nh4 g6 19. g3 Kg7 20. Ng2 Ne8 21. f4 h6
22. Qd2 Nef6 23. Bd3 Nh5 24. Rf1 Bc8 25. f5 Ndf6 26. Be2 Kh7 27. g4 Ng7 28. g5
hxg5 29. Qxg5 gxf5 30. exf5 Ra7 31. Nd1 Kg8 32. Rg3 Nfe8 33. f6 Qd8 34. Qh6 1-0

[Event "Laval op"]
[Site "Laval CAN"]
[Date "2023.06.23"]
[Round "1.7"]
[White "Sekki, Abderaouf"]
[Black "Masse, Hugues"]
[Result "0-1"]
[WhiteElo "1896"]
[BlackElo "2261"]
[PlyCount "106"]
[EventDate "2023.06.23"]
[EventType "swiss"]
[EventRounds "5"]
[EventCountry "CAN"]

1. d4 Nf6 2. c4 e6 3. Nf3 d5 4. Nc3 c5 5. cxd5 Nxd5 6. e4 Nxc3 7. bxc3 cxd4 8.
cxd4 Bb4+ 9. Bd2 Bxd2+ 10. Qxd2 O-O 11. Bc4 Nd7 12. O-O b6 13. a4 Nf6 14. Rfe1
Bb7 15. Bd3 h6 16. a5 a6 17. axb6 Qxb6 18. Rab1 Qc7 19. Rec1 Qe7 20. e5 Nd5 21.
Qa5 Rfc8 22. Nd2 Nf4 23. Rxc8+ Rxc8 24. Bf1 Bxg2 25. Qxa6 Qg5 26. Qxc8+ Kh7 27.
h4 Qg4 28. f3 Qg3 29. Bd3+ Nxd3 30. Ne4 Qh3 31. Nf2 Nxf2 32. Qc2+ g6 33. Kxf2
Bxf3 34. Qd3 Qg2+ 35. Ke3 Bg4 36. Rf1 Bf5 37. Qe2 Qe4+ 38. Kf2 Qxh4+ 39. Ke3
Qe4+ 40. Kf2 Qxd4+ 41. Kg3 g5 42. Re1 Kg6 43. Qe3 Qh4+ 44. Kg2 h5 45. Re2 Qg4+
46. Kh2 Qh4+ 47. Kg2 Qc4 48. Kh2 h4 49. Re1 g4 50. Rc1 g3+ 51. Kg1 Qa2 52. Rc8
Qh2+ 53. Kf1 g2+ 0-1

[Event "Laval op"]
[Site "Laval CAN"]
[Date "2023.06.23"]
[Round "1.8"]
[White "Zhu, Hong Rui"]
[Black "Zhe, Jia"]
[Result "1-0"]
[WhiteElo "2259"]
[BlackElo "1894"]
[PlyCount "113"]
[EventDate "2023.06.23"]
[EventType "swiss"]
[EventRounds "5"]
[EventCountry "CAN"]

1. e4 c6 2. d4 d5 3. exd5 cxd5 4. Bd3 Nc6 5. c3 g6 6. Bf4 Bg7 7. Nd2 Nf6 8. h3
O-O 9. Ngf3 Re8 10. O-O Nh5 11. Bh2 e5 12. dxe5 Nxe5 13. Nxe5 Bxe5 14. Bxe5
Rxe5 15. Nf3 Re7 16. Qd2 Kg7 17. Rfe1 Nf6 18. Bc2 Rxe1+ 19. Rxe1 Qb6 20. Bb3
Be6 21. Nd4 Qd6 22. Re3 Re8 23. Ne2 Qb6 24. Nf4 Rd8 25. Qe1 Rd6 26. Ne2 Ng8 27.
Rg3 Ne7 28. Nf4 f6 29. Re3 Kf7 30. Qd1 Qc5 31. Qe2 Qb6 32. Kf1 Qc6 33. Ke1 Qb6
34. g3 Qc6 35. Ba4 Qxa4 36. Rxe6 Qd7 37. Rxd6 Qxd6 38. Kd2 d4 39. Qc4+ Ke8 40.
Qxd4 Qxd4+ 41. cxd4 Kd7 42. Nd3 b6 43. Kc3 Kd6 44. Kc4 Nd5 45. Nb4 Nc7 46. a4
a6 47. Nxa6 Nxa6 48. Kb5 Nb8 49. Kxb6 Kd7 50. a5 Kc8 51. a6 Nd7+ 52. Kc6 Nb8+
53. Kb5 Nd7 54. f4 f5 55. d5 Nf6 56. Kc6 Kb8 57. d6 1-0

[Event "Laval op"]
[Site "Laval CAN"]
[Date "2023.06.23"]
[Round "1.9"]
[White "Yan, Alex Jikai"]
[Black "Batorshyn, Ilia"]
[Result "0-1"]
[WhiteElo "1881"]
[BlackElo "2243"]
[PlyCount "104"]
[EventDate "2023.06.23"]
[EventType "swiss"]
[EventRounds "5"]
[EventCountry "CAN"]

1. e4 c6 2. d4 d5 3. exd5 cxd5 4. c4 Nf6 5. Nc3 Nc6 6. Be3 e6 7. Nf3 Be7 8.
cxd5 exd5 9. Bd3 O-O 10. O-O Bg4 11. h3 Bh5 12. g4 Bg6 13. Bxg6 hxg6 14. Ne5
Qb6 15. g5 Nh7 16. Nxd5 Qd8 17. Nxc6 bxc6 18. Nxe7+ Qxe7 19. Qd2 Qe6 20. Kh2
Rfd8 21. Rfc1 Rd5 22. Rc5 Rxc5 23. dxc5 Qe5+ 24. f4 Qf5 25. Rd1 Re8 26. b3 Nf8
27. Qd3 Re4 28. Kg3 Ne6 29. Qd2 Nc7 30. Qf2 Nd5 31. Bd2 Re8 32. Re1 Rd8 33. Ba5
Rb8 34. Qd4 Qc2 35. Qf2 Qxf2+ 36. Kxf2 Nxf4 37. Re3 Ne6 38. Re5 Kf8 39. b4 Ke7
40. Re2 Rb7 41. Rd2 Rd7 42. Rxd7+ Kxd7 43. h4 Nd4 44. Kg3 Ne2+ 45. Kg4 Nc3 46.
a3 Ke6 47. Bc7 Nb5 48. Bb8 Nxa3 49. Bxa7 Nc2 50. Bb8 Nxb4 51. Bd6 Nd5 52. Kf3
Ne7 0-1

[Event "Laval op"]
[Site "Laval CAN"]
[Date "2023.06.23"]
[Round "1.10"]
[White "Pomerantz, Daniel"]
[Black "Duval, Mathieu"]
[Result "1-0"]
[WhiteElo "2217"]
[BlackElo "1865"]
[PlyCount "85"]
[EventDate "2023.06.23"]
[EventType "swiss"]
[EventRounds "5"]
[EventCountry "CAN"]

1. e4 c5 2. Nf3 Nc6 3. Bb5 g6 4. O-O Bg7 5. Re1 Nf6 6. c3 O-O 7. d4 cxd4 8.
cxd4 d5 9. e5 Ne4 10. Bxc6 bxc6 11. Be3 Rb8 12. Qc1 Qb6 13. b3 f6 14. Nc3 Qb4
15. Nxe4 dxe4 16. Nd2 fxe5 17. dxe5 Bxe5 18. Bc5 Qc3 19. Nxe4 Qxa1 20. Qc4+ Kg7
21. Rxa1 Bxa1 22. Bxe7 Re8 23. Bd6 Bf5 24. Qc1 Bd4 25. Bxb8 Bxe4 26. Bf4 c5 27.
Be3 Re7 28. h3 Bb7 29. Qd2 Rd7 30. b4 Bc6 31. Qc2 Be5 32. f4 Bf6 33. Bxc5 Bb5
34. a4 Bd3 35. Qd2 Bb5 36. Qc2 Bd3 37. Qf2 a6 38. Kh2 Rf7 39. Qe3 Bf1 40. Kg1
Bc4 41. Bd4 Rd7 42. Bxf6+ Kxf6 43. Qc3+ 1-0

[Event "Laval op"]
[Site "Laval CAN"]
[Date "2023.06.23"]
[Round "1.11"]
[White "Deschamps, Martin"]
[Black "Adam, Rafael"]
[Result "0-1"]
[WhiteElo "1845"]
[BlackElo "2206"]
[PlyCount "78"]
[EventDate "2023.06.23"]
[EventType "swiss"]
[EventRounds "5"]
[EventCountry "CAN"]

1. c4 Nf6 2. Nc3 e6 3. Nf3 d5 4. e3 Be7 5. d4 O-O 6. Bd3 b6 7. cxd5 exd5 8. O-O
Bb7 9. Bd2 Nbd7 10. Rc1 c5 11. Ne2 Re8 12. Ng3 Bf8 13. Qa4 a6 14. Bb1 Rc8 15.
Rfd1 Ne4 16. Be1 Qc7 17. Qc2 Qb8 18. Nxe4 dxe4 19. d5 Nf6 20. Ng5 h6 21. Nh3
Nxd5 22. a3 Qe5 23. f4 Qe6 24. Ba2 b5 25. Qb1 c4 26. Bf2 Qb6 27. Re1 Bc5 28. b3
Bxa3 29. bxc4 Bxc1 30. cxd5 Bd2 31. Rd1 Bxe3 32. d6 Bxf2+ 33. Nxf2 e3 34. Bxf7+
Kxf7 35. Qf5+ Kg8 36. d7 exf2+ 37. Kf1 Re1+ 38. Rxe1 fxe1=Q+ 39. Kxe1 Qe3+ 0-1

[Event "Laval op"]
[Site "Laval CAN"]
[Date "2023.06.23"]
[Round "1.12"]
[White "Guillemette, Hugo"]
[Black "Wang, Rachel"]
[Result "1/2-1/2"]
[WhiteElo "2203"]
[BlackElo "1842"]
[PlyCount "129"]
[EventDate "2023.06.23"]
[EventType "swiss"]
[EventRounds "5"]
[EventCountry "CAN"]

1. e4 c5 2. Nf3 Nc6 3. Bb5 e6 4. Bxc6 bxc6 5. d3 Ne7 6. Qe2 d6 7. e5 Nf5 8. Bf4
Be7 9. Nbd2 dxe5 10. Bxe5 f6 11. Bg3 e5 12. Ne4 Be6 13. O-O O-O 14. Rfe1 Bf7
15. Qd2 c4 16. dxc4 Bxc4 17. b3 Qxd2 18. Nfxd2 Bf7 19. c3 Rfd8 20. Nf1 Rd7 21.
f3 Nxg3 22. Nfxg3 Bg6 23. Rad1 Rad8 24. Rxd7 Rxd7 25. b4 Rd5 26. Nf1 Rd3 27.
Rc1 Bxe4 28. fxe4 a5 29. a3 axb4 30. axb4 Kf7 31. Kf2 Ke6 32. Ke2 Rd7 33. Ne3
g6 34. g4 Rb7 35. Ra1 c5 36. Ra6+ Kf7 37. Nd5 cxb4 38. cxb4 f5 39. gxf5 gxf5
40. exf5 Bxb4 41. Rf6+ Kg7 42. Re6 Ba3 43. h4 Bb2 44. h5 Rd7 45. h6+ Kf7 46.
Ne3 Re7 47. Ra6 e4 48. Nc4 Be5 49. Ke3 Bg3 50. Nd2 Bf2+ 51. Ke2 Bd4 52. Nc4 Be5
53. Rc6 Bf4 54. Ne3 Re5 55. Rc7+ Re7 56. Rc6 Re5 57. Rc7+ Re7 58. Rxe7+ Kxe7
59. Nd5+ Kf7 60. Nxf4 Kf6 61. Ng6 Kxf5 62. Nf8 Kg5 63. Nxh7+ Kxh6 64. Nf6 Kg5
65. Nxe4+ 1/2-1/2

[Event "Laval op"]
[Site "Laval CAN"]
[Date "2023.06.23"]
[Round "1.13"]
[White "Parenteau, Francois"]
[Black "Latorre, Vincent"]
[Result "0-1"]
[WhiteElo "1822"]
[BlackElo "2203"]
[PlyCount "30"]
[EventDate "2023.06.23"]
[EventType "swiss"]
[EventRounds "5"]
[EventCountry "CAN"]

1. e4 g6 2. d4 Bg7 3. Nc3 d6 4. Bc4 Nf6 5. Qe2 e5 6. dxe5 dxe5 7. Nf3 Qe7 8.
Bg5 c6 9. O-O-O h6 10. Bh4 O-O 11. h3 b5 12. Bxb5 cxb5 13. Nd5 Qe6 14. g4 Nxd5
15. exd5 Qd6 0-1

[Event "Laval op"]
[Site "Laval CAN"]
[Date "2023.06.23"]
[Round "1.14"]
[White "Avarian, Aram Sevag"]
[Black "Chasles, Jean-Benoit"]
[Result "1-0"]
[WhiteElo "2002"]
[BlackElo "1806"]
[PlyCount "67"]
[EventDate "2023.06.23"]
[EventType "swiss"]
[EventRounds "5"]
[EventCountry "CAN"]

1. e4 c5 2. Nc3 Nc6 3. Bb5 Nd4 4. Nf3 Nxb5 5. Nxb5 Nf6 6. e5 Nd5 7. O-O a6 8.
Nc3 Nxc3 9. dxc3 g6 10. Qd5 e6 11. Qd3 Bg7 12. Bg5 Qb6 13. b3 O-O 14. Be7 Re8
15. Bd6 f6 16. Rfe1 Qc6 17. Rad1 b6 18. exf6 Bxf6 19. Ne5 Bxe5 20. Rxe5 Kg7 21.
Qg3 Bb7 22. h4 Rg8 23. Rg5 h5 24. Qe5+ Kh7 25. f3 Rg7 26. Qf6 Qc8 27. Be5 Rg8
28. Qf7+ Kh6 29. Rxd7 Qxd7 30. Qxd7 Bd5 31. c4 Rad8 32. Qf7 Rdf8 33. Rxg6+ Rxg6
34. Qxf8+ 1-0

[Event "Laval op"]
[Site "Laval CAN"]
[Date "2023.06.23"]
[Round "1.15"]
[White "Baran, Marius"]
[Black "Wiebe, Isaac"]
[Result "0-1"]
[WhiteElo "1803"]
[BlackElo "2200"]
[PlyCount "56"]
[EventDate "2023.06.23"]
[EventType "swiss"]
[EventRounds "5"]
[EventCountry "CAN"]

1. d4 d5 2. c4 dxc4 3. Nf3 a6 4. a4 Nf6 5. e3 Bg4 6. Bxc4 e6 7. O-O c5 8. Be2
Nc6 9. dxc5 Bxc5 10. Qc2 Qe7 11. Bd2 O-O 12. Bc3 e5 13. e4 Rac8 14. Nbd2 Rfd8
15. Rae1 Nd4 16. Qb1 Nxe2+ 17. Rxe2 Nh5 18. h3 Ng3 19. Ree1 Bxf3 20. Nxf3 Nxf1
21. Kxf1 Bd4 22. Bxd4 exd4 23. Qd3 Qd7 24. e5 Qxa4 25. Ng5 Qc4 26. Qxc4 Rxc4
27. e6 fxe6 28. Rxe6 d3 0-1

[Event "Laval op"]
[Site "Laval CAN"]
[Date "2023.06.23"]
[Round "1.16"]
[White "Saha, Ananda"]
[Black "Berube, Maximilien"]
[Result "1-0"]
[WhiteElo "2181"]
[BlackElo "1796"]
[PlyCount "93"]
[EventDate "2023.06.23"]
[EventType "swiss"]
[EventRounds "5"]
[EventCountry "CAN"]

1. e4 c6 2. d4 d5 3. exd5 cxd5 4. Bd3 Nc6 5. c3 Qc7 6. h3 Nf6 7. Nf3 g6 8. O-O
Bg7 9. Re1 O-O 10. Nbd2 Bf5 11. Nf1 Bxd3 12. Qxd3 a6 13. Ne5 e6 14. Bf4 Qe7 15.
Bg5 Qc7 16. Bxf6 Bxf6 17. f4 b5 18. Rac1 Nxe5 19. fxe5 Bg5 20. Rc2 Qc4 21. Qg3
Bh6 22. Nh2 Bg7 23. Ng4 f5 24. exf6 Bxf6 25. Rf2 Bg7 26. Rxf8+ Rxf8 27. Qd6
Qxa2 28. Qxe6+ Kh8 29. Ne5 Bxe5 30. Qxe5+ Kg8 31. Kh2 a5 32. Qc7 Qc4 33. Qxa5
b4 34. Re7 Rf7 35. Rxf7 Kxf7 36. Qxb4 Qc7+ 37. g3 Qd7 38. Qb8 g5 39. Qe5 Kg6
40. g4 Qb5 41. Qf5+ Kg7 42. Qxg5+ Kh8 43. Qe5+ Kg8 44. Kg3 Qd3+ 45. Kh4 Qf3 46.
Qg5+ Kh8 47. Qf5 1-0

[Event "Laval op"]
[Site "Laval CAN"]
[Date "2023.06.23"]
[Round "1.17"]
[White "Wang, Isabelle"]
[Black "Kot, Emanuel"]
[Result "1/2-1/2"]
[WhiteElo "1748"]
[BlackElo "2168"]
[PlyCount "137"]
[EventDate "2023.06.23"]
[EventType "swiss"]
[EventRounds "5"]
[EventCountry "CAN"]

1. e4 c5 2. Nf3 d6 3. d4 cxd4 4. Nxd4 Nf6 5. Nc3 Nc6 6. Be3 Ng4 7. Nxc6 bxc6 8.
Qd2 Nxe3 9. Qxe3 g6 10. Bc4 Bg7 11. O-O O-O 12. Rad1 Qc7 13. Qg3 Rd8 14. Kh1 e6
15. Bb3 Ba6 16. Rfe1 Rac8 17. Na4 c5 18. c4 Rb8 19. Rd2 Rb4 20. a3 Rb7 21. Red1
Bd4 22. Ba2 Qa5 23. Nc3 Rb6 24. h4 Rdb8 25. Nb5 Bxb5 26. cxb5 Qxb5 27. b4 a5
28. bxc5 dxc5 29. e5 Qc6 30. h5 Qe4 31. f4 Qf5 32. h6 Qh5+ 33. Qh2 Qxh2+ 34.
Kxh2 Kf8 35. Kg3 Ke7 36. Bc4 a4 37. Kg4 R8b7 38. Kg5 Rb8 39. Kg4 Rb2 40. g3
R2b6 41. Kf3 Rb2 42. g4 Rxd2 43. Rxd2 Rb1 44. Ke4 Ra1 45. Rd3 g5 46. fxg5 Re1+
47. Kf4 Bxe5+ 48. Kf3 Rf1+ 49. Ke2 Rf4 50. Bb5 Bd6 51. Rg3 Re4+ 52. Kf3 Rd4 53.
Rg2 Bf4 54. Rc2 Kd6 55. Rc4 Rxc4 56. Bxc4 Bxg5 57. Bd3 Bxh6 58. Bxh7 Kc6 59.
Bg8 f6 60. Bxe6 Bc1 61. Bc4 Bxa3 62. Ke4 Bb2 63. Kd3 Kb6 64. Ba2 Kb5 65. Bc4+
Kb4 66. Be6 Be5 67. Bf7 Ka3 68. Kc2 Kb4 69. Kd3 1/2-1/2

[Event "Laval op"]
[Site "Laval CAN"]
[Date "2023.06.23"]
[Round "1.18"]
[White "Genzling, Jerome"]
[Black "Goldner, John"]
[Result "1-0"]
[WhiteElo "2136"]
[BlackElo "1667"]
[PlyCount "60"]
[EventDate "2023.06.23"]
[EventType "swiss"]
[EventRounds "5"]
[EventCountry "CAN"]

1. e4 e5 2. Nf3 Nc6 3. d4 exd4 4. Bc4 Nf6 5. e5 d5 6. Bb5 Ne4 7. Nxd4 Bd7 8.
Bxc6 bxc6 9. O-O Be7 10. f3 Nc5 11. Nc3 a5 12. f4 O-O 13. f5 f6 14. e6 Be8 15.
Qg4 Kh8 16. Rf3 Rg8 17. Rh3 g5 18. Nxc6 Qd6 19. Nxe7 Qxe7 20. Nxd5 Qg7 21. Be3
Rd8 22. c4 c6 23. e7 Rxd5 24. cxd5 Qxe7 25. dxc6 h5 26. Bxc5 Qxc5+ 27. Kh1 Qxc6
28. Re1 Bf7 29. Rxh5+ Bxh5 30. Qxh5+ Kg7 1-0

[Event "Laval op"]
[Site "Laval CAN"]
[Date "2023.06.23"]
[Round "1.19"]
[White "Hu, Raymond"]
[Black "Robichaud, Louis"]
[Result "0-1"]
[WhiteElo "1662"]
[BlackElo "2127"]
[PlyCount "52"]
[EventDate "2023.06.23"]
[EventType "swiss"]
[EventRounds "5"]
[EventCountry "CAN"]

1. e4 e5 2. Nf3 Nc6 3. Bb5 a6 4. Ba4 Nf6 5. O-O Nxe4 6. Re1 Nc5 7. Bxc6 dxc6 8.
Nxe5 Ne6 9. Qf3 Qf6 10. c3 Bd6 11. Qxf6 gxf6 12. Nf3 Bd7 13. d4 O-O-O 14. Nbd2
f5 15. Ne5 Be8 16. Ndc4 Bf8 17. a4 Rg8 18. b4 Bxb4 19. cxb4 Nxd4 20. Na3 f6 21.
Kf1 fxe5 22. Rxe5 Nb3 23. Rb1 Rd1+ 24. Re1 Rxe1+ 25. Kxe1 Nxc1 26. Rxc1 Rxg2
0-1

[Event "Laval op"]
[Site "Laval CAN"]
[Date "2023.06.23"]
[Round "1.20"]
[White "Chapdelaine, Gwyn"]
[Black "St-Germain, Jack"]
[Result "1/2-1/2"]
[WhiteElo "2110"]
[BlackElo "1618"]
[PlyCount "58"]
[EventDate "2023.06.23"]
[EventType "swiss"]
[EventRounds "5"]
[EventCountry "CAN"]

1. e4 c5 2. Nc3 Nc6 3. Bb5 Nd4 4. Nf3 a6 5. Bd3 g6 6. Nxd4 cxd4 7. Ne2 Bg7 8.
c3 dxc3 9. dxc3 e6 10. O-O Ne7 11. Be3 O-O 12. Qd2 d5 13. Rfd1 Bd7 14. Bh6 dxe4
15. Bxe4 Bc6 16. Qe3 Qc7 17. Bxg7 Kxg7 18. Ng3 Qe5 19. f4 Qf6 20. Bxc6 Nxc6 21.
Rd7 b5 22. Qf3 Rac8 23. Ne4 Qf5 24. Rd6 Rfd8 25. Rad1 Rxd6 26. Rxd6 b4 27. h3
Qa5 28. cxb4 Qxb4 29. Qc3+ Qxc3 1/2-1/2